Droit civil: les régimes matrimoniaux

Uloženo v:
Podrobná bibliografie
Hlavní autoři: Marty, Gabriel (autor), Raynaud, Pierre (Autor)
Médium: Kniha
Jazyk:francouzština
Vydáno: París Sirey 1985
Vydání:2a. ed
Témata:
Tagy: Přidat tag
Žádné tagy, Buďte první, kdo vytvoří štítek k tomuto záznamu!

MARC

LEADER 00000nam a2200000 a 4500
001 UCS1700
003 CL-VaPUC
008 970515e19850000FR |||||||||||||||||fre|d
082 0 4 |a 346.016  |b MAR  |2 21 
100 |a Marty, Gabriel  |e autor  |9 386407 
700 0 |a Raynaud, Pierre  |e author  |9 386408 
245 1 0 |a Droit civil: les régimes matrimoniaux 
250 |a 2a. ed 
300 |a 472 p 
942 |c BK 
945 |d 19970515 00:00:00  |a paguirre 
260 |a París  |b Sirey  |c 1985 
650 0 |a Derecho civil  |9 255013 
650 0 |a Derecho de familia  |9 255603 
650 7 |a MATRIMONIO  |2 CL-VaPUC  |9 386409 
650 0 |a Regímenes matrimoniales  |9 357525 
650 0 |a Contrato matrimonial   |9 352988 
583 |a last modification  |c 19970515 00:00:00  |k Rodrigo Vera 
999 |c 259732  |d 259730 
952 |0 0  |1 0  |4 0  |6 346_016000000000000_MAR_1985  |7 0  |8 A  |9 284996  |a BIBDER  |b BIBDER  |d 2019-11-19  |i 1848666  |o 346.016 MAR 1985  |p 1848666  |r 2023-01-25  |w 2019-11-19  |y BK  |k DER